Представление документа в формате RUSMARC

Поле Инд. ПП Название Значение
Тип записи a
Библиографический уровень a
001 Контрольный номер RU/REP/BASE/00008349
005 Дата корректировки 20181104132001.0
200 1_ a Заглавие Прокурор и государственный обвинитель в судебных стадиях уголовного процесса
f Первые сведения об ответственности Ефанова В.А.
b Общее обозначение материала Текст
210 1_ d Дата издания 2015
461 _0 1 001RU/REP/BASE/00010629
1 2001
a Закон и право
463 _1 1 20002
a №2.
v С. 97-100
1 2101
d 2015
610 0_ a Ключевые слова УГОЛОВНЫЙ ПРОЦЕСС РФ, ПРОКУРАТУРА, УЧАСТНИКИ ПРОЦЕССА, ТЕОРИЯ ПРАВА, СТАТУС ПРАВОВОЙ, ЮРИДИЧЕСКАЯ ОТВЕТСТВЕННОСТЬ
700 _1 a Фамилия Ефанова
b Имя В.А.
901 t Тип документа b
w Контрольный № источника c9456fe3d2444746986eb94e0eb62037